Normal view
MARC view
- Sup: Dr. Khawaja Bilal Ahmed Mahmood
Entry Personal Name
001 - CONTROL NUMBER
- control field: 30363
003 - CONTROL NUMBER IDENTIFIER
- control field: NUST
005 - DATE AND TIME OF LATEST TRANSACTION
- control field: 20200921114756.0
008 - FIXED-LENGTH DATA ELEMENTS
- fixed length control field: 200921|| aca||aabn | a|a d
040 ## - CATALOGING SOURCE
- Original cataloging agency: NUST
- Transcribing agency: NUST
100 ## - HEADING--PERSONAL NAME
- Personal name: Sup: Dr. Khawaja Bilal Ahmed Mahmood
670 ## - SOURCE DATA FOUND
- Source citation: Work cat.: (NUST): Asghar Abbas Razzaqi. 30362, Microstrip Antenna array Design for Flying Ad-Hoc Networks (FANETS) /, 2015.
